Library Banner

The frontier crimes regulation (Record no. 86635)

MARC details
000 -LEADER
fixed length control field 00454nam a2200169Ia 4500
001 - CONTROL NUMBER
control field 73526
008 - FIXED-LENGTH DATA ELEMENTS--GENERAL INFORMATION
fixed length control field 160622s9999||||xx |||||||||||||| ||und||
020 ## - INTERNATIONAL STANDARD BOOK NUMBER
International Standard Book Number 9780199066735
040 ## - CATALOGING SOURCE
Transcribing agency PK-LaUMT
082 ## - DEWEY DECIMAL CLASSIFICATION NUMBER
Classification number 954.035
Item number FRO-
100 ## - MAIN ENTRY--PERSONAL NAME
Personal name Nichols, Robert
245 #4 - TITLE STATEMENT
Title The frontier crimes regulation
Remainder of title a history in documents/
Statement of responsibility, etc Nichols, Robert
260 ## - PUBLICATION, DISTRIBUTION, ETC. (IMPRINT)
Place of publication, distribution, etc Oxford,USA:
Name of publisher, distributor, etc Oxford University Press,
Date of publication, distribution, etc 2013
300 ## - PHYSICAL DESCRIPTION
Extent 253 p.
546 ## - LANGUAGE NOTE
Language note EN
942 ## - ADDED ENTRY ELEMENTS (KOHA)
Koha item type Books
Holdings
Withdrawn status Lost status Damaged status Not for loan Home library Current library Date acquired Total Checkouts Full call number Barcode Date last seen Date checked out Price effective from Koha item type
        UMT Main Campus UMT Main Campus 2016-06-21 1 954.035 FRO- 100393 2017-11-10 2017-10-27 2016-06-22 Books